| 000 | 01986nam a2200289 a 4500 | ||
|---|---|---|---|
| 001 | BRCA_5382 | ||
| 005 | 20190320205044.0 | ||
| 008 | 091210s1842----mx-####f#v---#000-0#spa-# | ||
| 041 | _aspa | ||
| 044 | _amx | ||
| 084 |
_aDOC5 _b.M39 _c1842 _pD1995 |
||
| 100 | 1 |
_aMaza del Campo, Tomas de la _913769 |
|
| 245 | 1 | 0 |
_aTítulo de Licenciatura en Medicina a favor de Don Tomas de la Maza del Campo _cTomas de la Maza del Campo. |
| 260 |
_aMadrid, España _c1842 |
||
| 300 |
_a[1] foja _c42 x 60cm |
||
| 500 | _aDocumento autografa expedido el 3 de agosto de 1842 | ||
| 500 | _aTítulo expedido a Don Tomas de la Maza del Campo a la edad de 31 años, después de haber acreditado en debido forma tener requisitos prevenidos por las leyes ha sido examinado y aprobado en la Facultad de Medicina el día 28 de julio, se da licencia y autorización para que libremente y sin incurrir en pena alguna pueda ejercer la citada Facultad de Medicina en los casos y cosas que a ella tocantes y concérnientes, en todo el territorio de la Monarquía Española en virtud de esta nuestra carta y de parte de la reina (Q. D. G.) exhortamos y requerimos a todos los jueces y demás Autoridades que no le pongan ni permitan que se le ponga impedimento alguno y hagan guardar todas las honras privilegios y consideraciones que por las leyes estan concedidas a los licenciados en Medicina | ||
| 500 | _aContiene en el margen superior leyenda: LA REINA, Y EN SU AUGUSTO NOMBRE LA DIRECCIÓN GENERAL DE ESTUDIOS | ||
| 500 | _aEstado de conservación: contiene manchas de acidez y roturas | ||
| 500 | _aDonación del Sr. Gonzalo Tassier 10 agosto 1995 | ||
| 506 | 0 | _aFondo reservado: para su consulta es necesario credencial de usuario y carta de motivos | |
| 546 | _aTexto en español de mediados del siglo XIX | ||
| 600 | 1 | 4 |
_aMaza del Campo, Tomas de la _913769 |
| 651 | 4 |
_aEspaña _vImpreso con rúbricas _xHistoria _yRestauración Borbónica, 1814-1868 _913770 |
|
| 902 | _aDDH | ||
| 942 |
_2lcc _cD |
||
| 999 |
_c5076 _d5076 |
||